书目信息 |
| 题名: |
中国动物志
|
|
| 作者: | ;梁象秋 , 李新正 , 刘瑞玉 编著 ;中国动物志编委会 主编 | |
| 分册: | 第四十四卷 无脊椎动物 | |
| 出版信息: | 北京 科学出版社 2007 |
|
| 页数: | 381页 | |
| 开本: | 26cm | |
| 丛书名: | ||
| 单 册: | ||
| 中图分类: | Q958.2 , Q959.223 | |
| 科图分类: | ||
| 主题词: | 动物志--中国 , 甲壳纲--动物志--中国 , 十足目--动物志--中国 , 动物志 , 甲壳纲 , 十足目 | |
| 电子资源: | ||
| ISBN: | 978-7-03-018534-1 | |
| 000 | 01497nam0 2200373 450 | |
| 001 | 003420294 | |
| 005 | 20080327142402.62 | |
| 010 | @a978-7-03-018534-1@b精装@dCNY98.00 | |
| 035 | @a003420294 | |
| 100 | @a20031020d2007 kemy0chiy0110 ea | |
| 101 | 0 | @achi@deng@elat |
| 102 | @aCN@b110000 | |
| 105 | @aa z 001yy | |
| 106 | @ar | |
| 200 | 1 | @a中国动物志@Azhong guo dong wu zhi@i无脊椎动物@h第四十四卷@i甲壳动物亚门@i十足目@i长臂虾总科@aFauna Sinica@iInvertebrata@hVol.44@iCrustacea@iDecapoda@iPalaemonoidea@zlat@f中国科学院中国动物志编辑委员会主编@g李新正,刘瑞玉,梁象秋等编著@zlat |
| 210 | @a北京@c科学出版社@d2007 | |
| 215 | @a381页@c图@d26cm | |
| 300 | @a中国科学院知识创新工程重大项目 国家自然科学基金重大项目(国家自然科学基金委员会、中国科学院、科学技术部资助) | |
| 330 | @a本卷记述我国甲壳动物亚门长臂虾总科3科39属155种,内容分为总论和分论两部分,介绍了真虾下目的系统学地位和研究历史等。 | |
| 510 | 1 | @aFauna Sinica@iInvertebrata@hVol.44@iCrustacea@iDecapoda@iPalaemonoidea@zlat |
| 606 | 0 | @a动物志@y中国 |
| 606 | 0 | @a甲壳纲@x动物志@y中国 |
| 606 | 0 | @a十足目@x动物志@y中国 |
| 606 | 0 | @a动物志 |
| 606 | 0 | @a甲壳纲 |
| 606 | 0 | @a十足目 |
| 690 | @aQ958.2@v4 | |
| 690 | @aQ959.223@v4 | |
| 702 | 0 | @a梁象秋@Aliang xiang qiu@4编著 |
| 702 | 0 | @a李新正@Ali xin zheng@c(生物学)@4编著 |
| 702 | 0 | @a刘瑞玉@Aliu rui yu@4编著 |
| 711 | 02 | @a中国动物志编委会@Azhong guo dong wu zhi bian wei hui@4主编 |
| 801 | 0 | @aCN@bNLC@c20080327 |
| 905 | @dQ958.2@e11:1(44)@f2 | |
| 中国动物志.无脊椎动物.第四十四卷.甲壳动物亚门.十足目.长臂虾总科;Fauna Sinica.Invertebrata.Vol.44.Crustacea.Decapoda.Palaemonoidea/中国科学院中国动物志编辑委员会主编/李新正,刘瑞玉,梁象秋等编著.-北京:科学出版社,2007 |
| 381页:图;26cm |
| 中国科学院知识创新工程重大项目 国家自然科学基金重大项目(国家自然科学基金委员会、中国科学院、科学技术部资助) |
| ISBN 978-7-03-018534-1(精装):CNY98.00 |
| 本卷记述我国甲壳动物亚门长臂虾总科3科39属155种,内容分为总论和分论两部分,介绍了真虾下目的系统学地位和研究历史等。 |
| ● |
| 相关链接 |
|
|
|
|
正题名:中国动物志
索取号:Q958.2/11:1(44)
 
预约/预借
| 序号 | 登录号 | 条形码 | 馆藏地/架位号 | 状态 | 备注 |
| 1 | 0792871 | 207928714 | 第二样本阅览室/ [索取号:Q958.2/11:1(44)] | 在馆 | |
| 2 | 0792872 | 207928723 | 第三借阅区/ [索取号:Q958.2/11:1(44)] | 在馆 |